Internetworking with TCP/IP Principles, Protocols, and Architecture

Gespeichert in:
Bibliographische Detailangaben
1. Verfasser: Comer, Douglas E.
Format: Buch
Sprache:Englisch
Veröffentlicht: Englewood Cliffs Prentice Hall 1988
Ausgabe:1. ed.
Tags: Tag hinzufügen
Keine Tags, Fügen Sie das erste Tag hinzu!

MARC

LEADER 00000nam a2200000 4500
001 c025362
005 20221219120045.1
041 0 |a eng 
044 |a US 
245 1 0 |a Internetworking with TCP/IP  |b Principles, Protocols, and Architecture  |c Douglas E. Comer 
250 |a 1. ed. 
264 1 |a Englewood Cliffs  |b Prentice Hall  |c 1988 
300 |a 382 s. 
100 1 |a Comer, Douglas E.